header

Private voluntary health insurance in development (Record no. 200113)

MARC details
000 -LEADER
fixed length control field 01488nam a2200361Ia 4500
082 04 - DEWEY DECIMAL CLASSIFICATION NUMBER
Classification number 368.38/20091724
245 00 - TITLE STATEMENT
Title Private voluntary health insurance in development
260 ## - PUBLICATION, DISTRIBUTION, ETC. (IMPRINT)
Place of publication Washington, DC :
Name of publisher World Bank,
Year of publication 2006.
300 ## - PHYSICAL DESCRIPTION
Number of Pages xvii, 424 p.
490 1# - SERIES STATEMENT
Series statement Health, nutrition and population series
650 #0 - SUBJECT ADDED ENTRY--TOPICAL TERM
Topical Term Health insurance
Topical Term Medical care
700 1# - ADDED ENTRY--PERSONAL NAME
Personal name Preker, Alexander S.,
Personal name Scheffler, Richard M.
Personal name Bassett, Mark C.,
856 40 - ELECTRONIC LOCATION AND ACCESS
Uniform Resource Identifier http://site.ebrary.com/lib/rucke/Doc?id=10155143

No items available.

© 2026 Rongo University
Contact us: librarian | system librarian | Rongo university